LEADER 01104nam0-2200349---450- 001 990009685420403321 005 20130218104938.0 010 $a978-3-89500-897-9 035 $a000968542 035 $aFED01000968542 035 $a(Aleph)000968542FED01 035 $a000968542 100 $a20130218d2012----km-y0itay50------ba 101 0 $ager$aita 102 $aDE 105 $aa-------001yy 200 1 $aDekorations- und Wohnkontext$eBeseitigung, Restaurierung, Verschmelzung und Konservierung von Wandbemalungen in den kampanischen Antikenstätten$fWolfgang Ehrhardt 210 $aWiesbaden$cReichert$d2012 215 $a336 p.$cill.$d29 cm 225 1 $aPalilia$v26 610 0 $aPitture e decorazioni murali romane$aPompei 610 0 $aPompei$aPitture murali e decorazioni 676 $a759.01 676 $a930.1$v22$zita 700 1$aEhrhardt,$bWolfgang$0284331 801 0$aIT$bUNINA$gRICA$2UNIMARC 901 $aBK 912 $a990009685420403321 952 $a930.1 PALILIA 26$bbibl.$fFLFBC 959 $aFLFBC 996 $aDekorations- und Wohnkontext$9839285 997 $aUNINA LEADER 01728nam0 2200385 i 450 001 CFI0581428 005 20251003044144.0 010 $a8846453735 020 $aIT$b2004-5328 100 $a20141124d2004 ||||0itac50 ba 101 | $aita 102 $ait 181 1$6z01$ai $bxxxe 182 1$6z01$an 200 1 $aˆLa ‰comunicazione del turismo$etra immagine, immaginario e immaginazione$fFrancesco Giordana 210 $aMilano$cF. Angeli$d°2004! 215 $a220 p.$d23 cm. 225 | $aImpresa, comunicazione, mercato$v42 410 0$1001CFI0169561$12001 $aImpresa, comunicazione, mercato$v42 606 $aTurismo$xMarketing$2FIR$3CFIC115493$9E 676 $a338.4$9Produzione. Industrie secondarie e servizi$v14 676 $a338.47910688$9Merci e servizi. Industria turistica. Gestione del marketing.$v20 676 $a338.47910688$9BENI E SERVIZI. Turismo. Gestione del marketing$v21 676 $a659.193384791$9PUBBLICITA DEL TURISMO$v21 696 $aMercatistica 699 $aMarketing$yMercatistica 700 1$aGiordana$b, Francesco$3TO0V257509$4070$0421751 801 3$aIT$bIT-000000$c20141124 850 $aIT-BN0095 901 $bNAP 01$cPOZZO LIB.$nVi sono collocati fondi di economia, periodici di ingegneria e scienze, periodici di economia e statistica e altri fondi comprendenti documenti di economia pervenuti in dono. 912 $aCFI0581428 950 0$aBiblioteca Centralizzata di Ateneo$c1 v.$d 01POZZO LIB.ECON MON 1119$e 0101 0000188085E VMA 1 v. (Precedente collocazione: DASES B 1185)$fB $h20090723$i20090723 977 $a 01 996 $aComunicazione del turismo$963591 997 $aUNISANNIO